02690nam a22003857a 4500999001800000003000400018005001700022008004200039020001800081040001500099082003000114100007100144245017600215260007500391300002500466500003800491650005700529650002800586942000900614952011100623952011100734952011100845952011100956952011101067952011301178952011301291952011301404952011301517952011301630952011301743952011101856952011101967952011302078952011302191 c75202d312479OSt20181218112552.0140204s 2017 su a | b d 00| 0 ara d a9786038169537 ama-unbara 221a658.003bأ أ م aالأشعري، أحمد بن داود المزجاجي.9247 aالمنارة في بعض مصطلحات الإدارة =cأحمد بن داود المزجاجي الأشعري.bAlmanarah for Explaining some Management Terms / aجدة، السعودية :bخوارزم العلمية،c2017m1438 a482 ص. ؛c24 سم. aيشتمل علي مصطلحات. aإدارة الأعمالvمصطلحات965081 aالإدارة965082 cBOOK 1022018-12-184070a658.003 أ أ مd2018-12-18hCLi00800131mCLr2018-12-18 00:00:00tBOOKwddcy0 1022018-12-184070a658.003 أ أ مd2018-12-18hCLi00800132mCLr2018-12-18 00:00:00tBOOKwddcy0 1022018-12-184070a658.003 أ أ مd2018-12-18hCLi00800133mCLr2018-12-18 00:00:00tBOOKwddcy0 1022018-12-184070a658.003 أ أ مd2018-12-18hICi00800209mICr2018-12-18 00:00:00tBOOKwddcy0 1022018-12-184070a658.003 أ أ مd2018-12-18hICi00800210mICr2018-12-18 00:00:00tBOOKwddcy0 1022018-12-184070a658.003 أ أ مd2018-12-18hSRFi00800211mSRFr2018-12-18 00:00:00tBOOKwddcy0 1022018-12-184070a658.003 أ أ مd2018-12-18hSRFi00800212mSRFr2018-12-18 00:00:00tBOOKwddcy0 1022018-12-184070a658.003 أ أ مd2018-12-18hSRMi00800213mSRMr2018-12-18 00:00:00tBOOKwddcy0 1022018-12-184070a658.003 أ أ مd2018-12-18hSRMi00800214mSRMr2018-12-18 00:00:00tBOOKwddcy0 1022018-12-184070a658.003 أ أ مd2018-12-18hSZMi00800215mSZMr2018-12-18 00:00:00tBOOKwddcy0 1022018-12-184070a658.003 أ أ مd2018-12-18hSZMi00800216mSZMr2018-12-18 00:00:00tBOOKwddcy0 1022018-12-184070a658.003 أ أ مd2018-12-18hICi00800217mICr2018-12-18 00:00:00tBOOKwddcy0 1022018-12-184070a658.003 أ أ مd2018-12-18hICi00800218mICr2018-12-18 00:00:00tBOOKwddcy0 1022018-12-184070a658.003 أ أ مd2018-12-18hSGFi00800219mSGFr2018-12-18 00:00:00tBOOKwddcy0 1022018-12-184070a658.003 أ أ مd2018-12-18hSGFi00800220mSGFr2018-12-18 00:00:00tBOOKwddcy0